Bude odpis části dluhu dalších problematických zemí eurozóny už v roce 2012?

Problematika eurozóny, záchranný fond EÚ, problém európskych bánk. Najväčší bankoví veritelia. Rekapitalizácia bánk, náklady na ňu.

Gespeichert in:
Bibliographische Detailangaben
1. Verfasser: Margan, Florián
Format: Buchkapitel
Sprache:Tschechisch
Schlagworte:
Tags: Tag hinzufügen
Keine Tags, Fügen Sie das erste Tag hinzu!

MARC

LEADER 00000nla a2200000 4500
001 0159749
005 20221103134414.1
041 0 |a cze 
044 |a SK 
245 1 0 |a Bude odpis části dluhu dalších problematických zemí eurozóny už v roce 2012?  |c Florián Margan 
520 |a Problematika eurozóny, záchranný fond EÚ, problém európskych bánk. Najväčší bankoví veritelia. Rekapitalizácia bánk, náklady na ňu. 
610 2 0 |a eurozóna 
610 2 0 |a dlhy 
610 2 0 |a banky medzinárodné 
610 2 0 |a Medzinárodný menový fond 
100 1 |a Margan, Florián